000 00520cam a22002051 4500
001 sa 63000851
003 DLC
005 20260227111923.0
008 890525s1962 ii a 000 0 hino
010 _asa 63000851
035 _a(OCoLC)19765053
040 _aDLC
_cWaU
_dDLC
050 0 0 _aPK2098.G8
_bS34
100 1 _aDube, Rāma Svarūpa.
245 1 0 _aSāketa-sudhā.
260 _c[1962]
300 _a301 p.
_billus.
_c22 cm.
500 _aIn Hindi.
600 1 0 _aGupta, Maithili Sarana,
_d1886-1964.
_tSāketa.
999 _c53664
_d53664